| 000 | 00568 a2200181 4500 | ||
|---|---|---|---|
| 003 | OSt | ||
| 005 | 20250704111009.0 | ||
| 008 | 250704b |||||||| |||| 00| 0 eng d | ||
| 020 | _a9789389802801 | ||
| 040 | _coclc | ||
| 082 |
_a628.5 _bDEA/E |
||
| 100 | 1 |
_aDe, Anil K. _q(Anil Kumar), _d1927- _910603 |
|
| 245 |
_aEnvironmental Chemistry / _cAnil Kumar De, Arnab Kumar De |
||
| 250 | _a11th Multi Colour Edition | ||
| 260 |
_aNew Delhi: _bNew age International, _c2024. |
||
| 300 | _a394 pages | ||
| 942 |
_2ddc _cBK _h628.5 _iDEA/E _k628.5 _mDEA/E |
||
| 999 |
_c44605 _d44605 |
||